000 01103nam a22002177a 4500
001 2586
005 20240103130516.0
020 _a9780545663151
040 _aFISKH
_beng
_cFISKH
_dFISKH
050 _aUB271.U5
082 _a327.73
100 _aJaneczko, Paul B.
245 _aThe dark game /
_cTrue spy stories from invisible ink to CIA moles ; Paul B. Janeczko
260 _aNew York :
_bScholastic,
_c2010
300 _a244 pages :
_c21 cm
505 _aZ
520 _aFinalist for the YALSA Award for Excellence in Nonfiction for Young Adults! From clothesline codes to surveillance satellites and cyber espionage, Paul B. Janeczko uncovers two centuries' worth of true spy stories in U.S. history. (Ages 12 and up)Ever since George Washington used them to help topple the British, spies and their networks have helped and hurt America at key moments in history. In this fascinating collection, Paul B. Janeczko probes such stories as that of Elizabeth Van Lew, an aristocrat whose hatred of slavery drove her to...
521 _a1200
_bLexile
521 _aZ
_bRaz-Plus
942 _2ddc
_cBK
_n0
999 _c2586
_d2586